Objets & meubles de la maison en italien - Statistiques

Statistiques générales
  • Ce quiz a été pris 16 fois
  • Le résultat moyen est 7 sur 25
Statistiques - réponses
Hint Réponse % Correct
Table Tavolo
80%
Armoire Armadio
60%
Lit Letto
60%
Chaise Sedia
60%
Lampe Lampada
50%
Fauteuil Poltrona
50%
Miroir Specchio
50%
TV Tivù
50%
Coussin Cuscino
40%
Ventilateur Ventilatore
30%
Canapé Divano
20%
Matelas Materasso
20%
Prise électrique Presa
20%
Bureau Scrivania
20%
Table basse Tavolino
20%
Tiroir Cassetto
10%
Poubelle Cestino
10%
Table de chevet Comodino
10%
Bibliothèque Libreria
10%
Etagère Scaffale
10%
Télécommande Telecomando
10%
Radiateur Termosifone
10%
Portemanteau Attaccapanni
0%
Commode Cassettiera
0%
Penderie Guardaroba
0%
Aucun quiz correspondant
Distribution des résultats
% des personnes avec chaque résultat
Percentile par nombre de réponses
Votre historique - résultats
Vous n’avez pas pris ce quiz